000 01575nam a2200349 c 4500
003 BLK
005 20180422115639.0
008 180411b bul|||||r ||||||| ||bul||
010 _aKNG00198387000
040 _aBLK
041 _aBUL
_cBUL
080 _aХидротерапия (водотерапия). Балнеолечение. Курортотерапия - Лечение с бани, горещи бани, сауна, хладни бани, речно къпане, влажни фрикции, компреси, с "жива вода"(алкално активирана, с ph 9, 6;курорт
_b615.838
_x
_z615.838
100 1 _aМалинов, Тодор Спасов
_eпърви автор
_9344057
700 1 _aМаджаров, Костадин
_eсъавт.
_9384717
139 _aМалинов, Тодор Спасов и др.
_bМ 22
245 1 0 _aХисаря
_cТодор Спасов Малинов; съавт. Костадин Маджаров.
250 _a4. прераб. и доп. изд.
257 _aBGR
260 София
_bМедицина и физкултура
_c1979
300 _a140 с.
_bс ил.
_c17 см
380 _a61
490 1 _aНаши курорти
500 _a1. изд. 1966. - 22 900 тир.
650 4 _aКурорти, български
_9273640
650 4 _aКурортно лечение - терапия
_9160014
651 4 _aХисаря
_9179743
852 _aЦб І 17533
856 4 _qpdf
_u
856 4 _qpdf
_u
942 _cKNG
_n0
944 _aCR
_c16.12.2016
_kКети_Илиева
944 _aED
_c16.12.2016
_kКети_Илиева
999 _c189353
_d189353